| 000 | 00603nam a22002057a 4500 | ||
|---|---|---|---|
| 999 |
_c17578 _d17578 |
||
| 003 | AR-CdUCM | ||
| 008 | 190509b ||||| |||| 00| 0 spa d | ||
| 040 |
_aMUNICIPALIDAD PROVINCIAL DEL CUSCO _cBIBLIOTECA MUNICIPAL DEL CUSCO |
||
| 082 |
_22ed. _a869.56 / _bG17 |
||
| 100 |
_aGamarra, Abelardo M. _926258 |
||
| 245 | _aEn la ciudad de pelagatos / | ||
| 260 |
_aLima : _bPeisa, _c1973. |
||
| 300 |
_a214 paginas ; _c17 cm. |
||
| 500 | _aObra literaria obra | ||
| 650 |
_aCiudad _915909 |
||
| 650 |
_aPelagatos _937671 |
||
| 650 |
_aLiteratura _983 |
||
| 942 |
_2ddc _cLIBROS |
||
| 945 |
_apjha _d2019-05-09 |
||